Consideraciones epistemológicas en torno a la medicalización en américa latina : (Record no. 192081)

MARC details
000 -CABECERA
campo de control de longitud fija 01829nab a2200277 ab4500
005 - FECHA Y HORA DE LA ÚLTIMA TRANSACCIÓN
campo de control 20251114143558.0
008 - ELEMENTOS DE LONGITUD FIJA--INFORMACIÓN GENERAL
campo de control de longitud fija 991125c2016 mx fr p 000 spa d
035 ## - NÚMERO DE CONTROL DEL SISTEMA
Número de control de sistema UPN01000219982
049 ## - COLECCIÓN
Colección ART
003 - IDENTIFICADOR DEL NÚMERO DE CONTROL
campo de control
040 ## - FUENTE DE LA CATALOGACIÓN
Centro catalogador/agencia de origen MX-MxUPN
Lengua de catalogación spa
Centro/agencia transcriptor MX-MxUPN
Normas de descripción aacr
100 1# - ASIENTO PRINCIPAL--NOMBRE PERSONAL
Nombre de persona Murguía Lores, Adriana
100 1# - ASIENTO PRINCIPAL--NOMBRE PERSONAL
Nombre de persona Ordorika Sacristán, Teresa
100 1# - ASIENTO PRINCIPAL--NOMBRE PERSONAL
Nombre de persona Guerrero Mc Manus, Fabrizzio
245 10 - MENCIÓN DE TÍTULO
Título Consideraciones epistemológicas en torno a la medicalización en américa latina :
Resto del título balances y propuestas
520 3# - NOTA DE RESUMEN, ETC.
Sumario, etc. El proceso de medicalización de la sociedad, que implica la expansión del alcance de la experiencia médica, es un aspecto destacado de la modernidad tardía. Como tal, este proceso ha alcanzado una dimensión global. Sin embargo, es poco probable que este proceso ocurra de manera idéntica en todas las partes del mundo. Por lo tanto, creemos fundamental analizar las epistemologías de la medicalización, es decir, del conjunto de estrategias metodológicas empleadas en el estudio de este proceso. Bajo esta luz ofrecemos aquí una reflexión reflexiva sobre los riesgos y méritos que suelen encontrarse en la investigación sobre este tema. Por lo tanto, ofrecemos algunas instrucciones, así como una serie de casos en los que ejemplificamos la relevancia de estas pautas ya mencionadas.
Fuente proveedora Ludus vitalis (traducción del resumen hecha con IA)
530 ## - NOTA DE FORMATO FÍSICO ADICIONAL DISPONIBLE
Nota de formato físico adicional disponible Disponible también en formato electrónico
653 0# - TERMINO DE INDIZACION - NO CONTROLADO
Término no controlado Medicalización
653 0# - TERMINO DE INDIZACION - NO CONTROLADO
Término no controlado América Latina
653 0# - TERMINO DE INDIZACION - NO CONTROLADO
Término no controlado Epistemología
773 ## - ENLACE AL DOCUMENTO FUENTE/ENTRADA DE REGISTRO ANFITRIÓN
Parte(s) relacionada(s) Vol. 24, no. 46, (2016), p. 99-128
Título Ludus vitalis: revista de filosofía de las ciencias de la vida
Número Internacional Normalizado para Publicaciones Seriadas 1133-5165
856 4# - LOCALIZACIÓN Y ACCESO ELECTRÓNICOS
Identificador Uniforme del Recurso <a href="https://www.centrolombardo.edu.mx/ludus-vitalis-busqueda-avanzada/entry/5745/">https://www.centrolombardo.edu.mx/ludus-vitalis-busqueda-avanzada/entry/5745/</a>
902 ## - ELEMENTOS DE DATOS B LOCAL, LDB (RLIN)
Creó Leonor Sotres/141125
905 ## - TIPO DE MATERIAL
Tipo de material Articulo
942 ## - ELEMENTOS DE PUNTO DE ACCESO ADICIONAL (KOHA)
Tipo de ítem Koha Artículo Impreso
Holdings
Estado de retiro Estado de pérdida Estado dañado No para préstamo Código de colección Localización permanente Ubicación/localización actual Ubicación en estantería Fecha de adquisición Total de préstamos Fecha visto por última vez Identificador Uniforme del Recurso Precio válido a partir de Tipo de ítem Koha
      Disponible (Préstamo en sala) Revistas Bib. Gregorio Torres Quintero Bib. Gregorio Torres Quintero Hemeroteca Sótano 14/11/2025   14/11/2025 https://www.centrolombardo.edu.mx/wp-content/uploads/formidable/45/661-1344-2-PB.pdf 14/11/2025 Artículo Impreso